Science Quiz

Random Science or Chemistry Quiz

Elements Spelled by Symbols Quiz Stats

 Plays Quiz Updated Nov 30, 2016

Score 0/15 Timer 06:00
1 Play Today
Element % Correct
CaRbON
74.7%
NeON
60.5%
SiLvEr
59.2%
IrON
52.8%
TiN
46.5%
XeNoN
41.7%
CoPPEr
37.4%
KrYPtON
26.8%
Element % Correct
SiLiCoN
23.5%
ArSeNiC
22.8%
PHOsPHoRuS
18.9%
AsTaTiNe
15.1%
BiSmUTh
13.8%
OGaNeSSON
12.3%
TeNNeSSiNe
11.6%

You're not logged in!

Compare scores with friends on all Sporcle quizzes.
OR
Log In

Show Comments

Extras

Top Quizzes Today


Score Distribution

Your Account Isn't Verified!

In order to create a playlist on Sporcle, you need to verify the email address you used during registration. Go to your Sporcle Settings to finish the process.

Report this User

Report this user for behavior that violates our Community Guidelines.

Details: